Shab jai ka man boodam (Record no. 10877)
[ view plain ]
| 000 -LEADER | |
|---|---|
| fixed length control field | 00395 a2200157 4500 |
| 003 - CONTROL NUMBER IDENTIFIER | |
| control field | NUST |
| 038 ## - RECORD CONTENT LICENSOR | |
| Staff Name | WASEEM |
| 082 ## - DEWEY DECIMAL CLASSIFICATION NUMBER | |
| Classification number | 297.55 |
| Author Mark | SHO |
| 100 ## - MAIN ENTRY--PERSONAL NAME | |
| Personal name | Shorash Kashmiri |
| 9 (RLIN) | 17258 |
| 245 ## - TITLE STATEMENT | |
| Title | Shab jai ka man boodam |
| Statement of responsibility, etc. | Shorash Kashmiri |
| 260 ## - PUBLICATION, DISTRIBUTION, ETC. | |
| Place of publication, distribution, etc. | Lahore |
| Name of publisher, distributor, etc. | R R printers |
| Date of publication, distribution, etc. | 2010 |
| 300 ## - PHYSICAL DESCRIPTION | |
| Extent | 212 p. |
| 650 ## - SUBJECT ADDED ENTRY--TOPICAL TERM | |
| Topical term or geographic name entry element | Urdu fiction |
| 9 (RLIN) | 739 |
| 700 ## - ADDED ENTRY--PERSONAL NAME | |
| Personal name | Shorash Kashmiri |
| 9 (RLIN) | 17258 |
| 942 ## - ADDED ENTRY ELEMENTS (KOHA) | |
| Koha item type | Book |
| Call number prefix | 910.4 SHO |
| Source of classification or shelving scheme | |
| Withdrawn status | Lost status | Source of classification or shelving scheme | Damaged status | Not for loan | Permanent Location | Current Location | Shelving location | Date acquired | Source of acquisition | Cost, normal purchase price | Total Checkouts | Total Renewals | Full call number | Barcode | Date last seen | Date last checked out | Price effective from | Koha item type |
|---|---|---|---|---|---|---|---|---|---|---|---|---|---|---|---|---|---|---|
| Central Library (CL) | Central Library (CL) | General Stacks | 04/20/2012 | Global~Link Information Services | 481.00 | 1 | 1 | 297.55 SHO | SEECS011231 | 09/30/2014 | 09/30/2014 | 01/05/2017 | Book |
